000 00313nam a22001337a 4500
008 170329b xxu||||| |||| 00| 0 eng d
020 _a0838514146
041 _aeng
080 _29TH
_a616-053.2
100 _a8
101 _aSHM
245 _aCURRENT PEDIATRIC DIAGNOSIS & TRATMENT
_cKEMPE, C.H
942 _2udc
_cBK
999 _c9044
_d9044